000
00235nam a2200097Ia 4500
001
1162223
005
20250827011640.0
008
250824s9999 xx 000 0 und d
245
0
_a
ROTAMIZ MESSİ
_c
HÜSEYİN TOY
260
_b
GENÇ HAYAT
999
_c
1162223
_d
1162223